000 00739nam a22002175i 4500
001 53161
003 ES-MaACL
005 20230906162722.0
007 t|
008 950912s1862 fr ||||1| fre d
040 _aCAM
_bspa
_cCAM
100 1 _aDumanoir (
_d1806-1865)
_9126867
245 1 0 _aValentine Darmentière
_b: drame en cinq actes /
_cpar MM. Dumanoir et Ad. d'Ennery.
260 _aParis :
_bMichel Lévy, fréres,
_c1862 (
_eLagny :
_ftypogr. de A. Varigault et Cie.)
300 _a91 p. ;
_c19 cm.
490 1 _aBibliothèque dramatique. Théâtre moderne
700 1 _aEnnery, Adolphe d'.
_947251
830 0 _aBibliothèque dramatique. Théâtre moderne
_9182423
852 _aES-MaACL
_jT-727-F-3
999 _c53161
_d53161